000 00547cab a2200205 4500
001 ABS40165
008 090401t1988 xxu||||| |||| 00| 0 eng d
035 _a(Sirsi) u21854
041 _aeng
100 _aLewis, J.
245 _aPackaging your property for a speedy disposal
260 _c1988
350 _a0
490 _aEstates Times
_v(973) 2 December 1988, 15(1)
520 _aDiscusses ways of accelerating property sales .
650 _aCONVEYANCING
690 _aPROPERTY LAW AND PRACTICE
942 _n0
948 _c04/03/1997
999 _c14643
_d14643